000 01064nam a2200277Ia 4500
003 OSt
005 20221005105046.0
006 a|||||r|||| 00| 0
007 ta
008 221004b |||||||| |||| 00| 0 hin d
020 _a9789380172118 (pbk)
_cINR 180.00
024 _a37644
037 _b1515, 21/02/2018, Bookwell
_cTextual
040 _aCRL
_cCRL
_bhin
041 _2hin
_ahin
082 _aQ:(R), 152N1;Q5
100 _aवर्मा, वेद प्रकाश, ले.
245 0 _aधर्मदर्शन की मूल समस्याएॅं
246 _aDharmadarshan kī mūl samasyāeॅan
260 _aदिल्ली
_bहिंदी माध्यम कार्यान्वय निदेशालय भारत
_c2015
300 _a588पृ0
_ccm.
650 _a दर्शनशास्त्र
650 _aधर्म
942 _hQ:(R), 152N1;Q5
_cTEXL
_2cc
999 _c1014621
_d1014621